Historia moderna del Derecho Penal alemán
Kaydedildi:
| Yazar: | |
|---|---|
| Materyal Türü: | Kitap |
| Dil: | İspanyolca |
| Baskı/Yayın Bilgisi: |
Valencia
Tirant Lo Blanch
2018
|
| Edisyon: | 1a. ed |
| Seri Bilgileri: | Teoría
|
| Konular: | |
| Etiketler: |
Etiketle
Etiket eklenmemiş, İlk siz ekleyin!
|
MARC
| LEADER | 00000cam a2200000 a 4500 | ||
|---|---|---|---|
| 001 | UCC6256 | ||
| 003 | CL-VaPUC | ||
| 008 | 181130e20180000sp |||||||||||||||||spa|d | ||
| 020 | |a 9788491902744 | ||
| 082 | 0 | 4 | |a 345.43 |b VOR |2 21 |
| 100 | 0 | |a Vormbaum, Thomas |e author |9 600683 | |
| 245 | 1 | 0 | |a Historia moderna del Derecho Penal alemán |
| 250 | |a 1a. ed | ||
| 300 | |a 450 p | ||
| 942 | |c BK | ||
| 945 | |d 20181130 13:53:00 |a dcastane | ||
| 260 | |a Valencia |b Tirant Lo Blanch |c 2018 | ||
| 650 | 7 | |a DERECHO PENAL ALEMAN |2 CL-VaPUC |9 475643 | |
| 650 | 0 | |a Historia del derecho |9 255109 | |
| 650 | 0 | |a Fuentes del derecho |9 255162 | |
| 583 | |a last modification |c 20181130 13:53:00 |k Rodrigo Vera | ||
| 490 | 0 | |a Teoría | |
| 999 | |c 373241 |d 373239 | ||
| 952 | |0 0 |1 0 |3 erb |4 0 |6 345_430000000000000_VOR_2018 |7 0 |8 A |9 491286 |a BIBDER |b BIBDER |i 5519209 |l 1 |o 345.43 VOR 2018 |p 5519209 |r 2025-01-28 |s 2025-01-28 |w 2019-11-24 |y BK |z Catalogado en:20181130 |k DER | ||